Statistics for Which Lasted Longer

Click here to take the quiz!

General Stats

  • This quiz has been taken 61 times
  • The average score is 8 of 15

Answer Stats

QuestionAnswer% Correct
PresidenciesAbraham Lincoln
96%
WarsWorld War II
88%
EpidemicsBlack Death
82%
GovernmentsRoman Empire
80%
ColoniesCanada
64%
CountriesYugoslavia
55%
SiegesSiege of Leningrad
54%
CivilizationsMaya
50%
RevolutionsFrench Revolution
41%
PeriodsCretaceous Period
39%
Construction PeriodsBurj Khalifa
38%
Baseball TeamsChicago Cubs
36%
DynastiesQing Dynasty
34%
StormsTyphoon Tip
30%
CrusadesFirst Crusade
25%

Score Distribution

Percentile by Number Answered

Percent of People with Each Score

Your Score History

You have not taken this quiz